| 000 | 01130nam a2200361 b 4500 | ||
|---|---|---|---|
| 001 | 05851 | ||
| 003 | DO-SdBNP | ||
| 005 | 20171116115311.0 | ||
| 007 | 05851 | ||
| 008 | 970224s1996 sp | ||| ||spa | ||
| 016 | 7 | _a | |
| 017 |
_a _b |
||
| 020 | _a8408017330 | ||
| 035 | _a | ||
| 040 |
_aBPMSU _bspa _cBPMSU _e |
||
| 080 | 0 | _a | |
| 082 | 4 |
_a861.08 _bM637a |
|
| 245 | 1 |
_aMil años de poesía española : _h _bantología comentada / _cFrancisco Rico ; con la colaboración de José María Micó, Guillermo Serés y Juan Rodríguez |
|
| 250 | _a | ||
| 260 |
_aBarcelona : _bPlaneta, _c1996 |
||
| 300 |
_a1105 p. : _c20 cm _e |
||
| 490 | _aEnciclopedias Planeta | ||
| 500 | _aIncluye notas al pie de las páginas | ||
| 650 | 7 |
_aPOESÍAS ESPAÑOLAS _2 _vCOLECCIONES |
|
| 650 | 7 |
_aAUTORES ESPÑOLES _vBIOGRAFÍAS |
|
| 700 | 1 | 1 |
_aRico, Francisco _d1942- |
| 700 |
_aSerés, Guillermo. _ecompilador |
||
| 700 |
_aRodríguez, Juan. _ecompilador |
||
| 830 | _aEnciclopedias Planeta | ||
| 942 |
_2ddc _cBK |
||
| 945 | _a Inventariado extranjero / 2017 VM | ||
| 956 |
_aVMATEO _b10 _c20160825 _dBPMSU _f00069 |
||
| 999 |
_c11181 _d11181 |
||